000 00828nam2a22002411 4500
001 rc\105387
005 20250620194516.0
010 _a0-87083-843-1
_91500
035 _a(NLR Aleph) 005393579
090 _a7208003
_c7208003
100 _a20021216d1995 |||y0rusy50 ca
101 0 _arus
102 _aRU
105 _ay |||||||||
200 0 _aТ. 4
210 _d[1995]
_aБ. м.
215 _aVIII, [1], 964-1326 с.
461 0 _1001rc\105383
_12001#$aЖизнеизучение. Книга Бытия$e[Пер. с англ.]$vТ. 4
_1700#1$aЛи$bУ.$gУитнесс$f-1997
_97207967
_aЛи, У. (-1997)
_cМ.
_d[1995]
_nБ. и.
_o[Пер. с англ.]
_tЖизнеизучение. Книга Бытия
_vТ. 4
801 0 _aRU
_bNLR
_gpsbo
801 1 _aRU
_bELAR
_2rusmarc
852 _aNLR
_j96-3/485
942 _cBOOK
980 _aNB